00350 2200145 4500001002100000005001500021035002000036245005100056100002300107300001200130260002800142082000800170084001400178990001200192INLIS00000000000203720250527090648 a0010-05250003291 aPenilaian Hasil Belajar /cHarun Rasyid Mansur0 aHarun Rasyid Mansu a266 hlm bCV. Wacana Prima,c2008 a370 a370 HAR p a0713282